| 000 | 01241nam a2200337 c 4500 | ||
|---|---|---|---|
| 003 | BLK | ||
| 005 | 20180422113011.0 | ||
| 008 | 180410b bul|||||r ||||||| ||bul|| | ||
| 010 | _aKNG00156668000 | ||
| 020 |
_a978-619-152-340-5 _bиздат.: Изток-Запад |
||
| 040 | _aBLK | ||
| 041 |
_aBUL _cBUL |
||
| 080 |
_aБългарска литература _b821.163.2 _x-94 _z821.163.2-94 |
||
| 080 |
_aБиографии _b929 _x(497.2) _z929(497.2) |
||
| 100 | 1 |
_aВасилев, Йордан Асенов _eпърви автор _9364747 |
|
| 139 |
_aВасилев, Йордан Асенов _bВ 24 |
||
| 245 | 1 | 0 |
_aЩрихи _bСилуети на близки и познайници _cЙордан Асенов Василев. |
| 257 | _aBGR | ||
| 260 |
_аСофия _bИзток-Запад _c2014 |
||
| 300 |
_a348 с. _bс ил., портр., факс. _c22 см |
||
| 380 | _a9 | ||
| 651 | 4 |
_aБългария _9241624 |
|
| 653 | _aспомени | ||
| 653 | _aпрочути личности | ||
| 653 | _aбиографии | ||
| 852 | _aЦб 268121 | ||
| 856 | 4 |
_qpdf _u |
|
| 856 | 4 |
_qpdf _u |
|
| 942 |
_cKNG _n0 _01 |
||
| 944 |
_aCR _c14.02.2014 _lф / _kЛюдмила_Стоянова |
||
| 944 |
_aED _c13.03.2015 _lф / _kПенка_Димитрова |
||
| 999 |
_c150346 _d150346 |
||